Guess the Indonesian Provinces by population - Statistics

General Stats
  • This quiz has been taken 68 times
  • The average score is 27 of 34
Answer Stats
Hint Answer % Correct
49.410.000 Jawa Barat/West Java/Jabar
100%
41.150.000 Jawa Timur/East Java/Jatim
100%
37.003.000 Jawa Tengah/Central Java/Jateng
98%
10.680.000 DKI Jakarta/Jakarta
97%
5.410.000 Aceh
93%
5.640.000 Sumatera Barat/Sumatra Barat/West Sumatra/Sumbar
93%
15.120.000 Sumatera Utara/Sumatra Utara/North Sumatra/Sumut
93%
4.421.000 Papua
92%
8.660.000 Sumatera Selatan/Sumatra Selatan/South Sumatra/Sumsel
92%
3.860.000 Kalimantan Timur/East Kalimantan/Kaltim
88%
4.420.000 Bali
86%
12.250.000 Banten
83%
4.180.000 Kalimantan Selatan/South Kalimantan/Kalsel
83%
5.540.000 Kalimantan Barat/West Kalimantan/Kalbar
83%
3.007.000 Sulawesi Tengah/Central Sulawesi/Sulteng
83%
2.660.000 Sulawesi Utara/North Sulawesi/Sulut
83%
6.661.000 Riau
81%
1.180.000 Papua Barat/West Papua/Papbar
80%
9.230.000 Sulawesi Selatan/South Sulawesi/Sulsel
80%
3.760.000 Yogyakarta/Jogjakarta
80%
2.740.000 Kalimantan Tengah/Central Kalimantan/Kalteng
76%
9.180.000 Lampung
75%
1.880.000 Maluku
75%
2.700.000 Sulawesi Tenggara/Southeast Sulawesi/Sulteng
75%
5.471.000 Nusa Tenggara Barat/West Southeast Nusa/NTB
73%
5.470.000 Nusa Tenggara Timur/East Southeast Nusa/NTT
73%
1.460.000 Sulawesi Barat/West Sulawesi/Sulbar
73%
3.630.000 Jambi
69%
727.800 Kalimantan Utara/North Kalimantan/Kalut
66%
2.180.000 Kepulauan Riau/Kepri/Riau Islands
63%
2.006.000 Bengkulu
61%
1.320.000 Maluku Utara/North Maluku/Malut
61%
1.190.000 Gorontalo
58%
1.490.000 Kepulauan Bangka Belitung/Bangka Belitung Islands
27%
No matching quizzes found
Score Distribution
Percent of People with Each Score
Percentile by Number Answered
Your Score History
You have not taken this quiz